<?xml version="1.0" encoding="UTF-8"?>
<record
    xmlns:xsi="http://www.w3.org/2001/XMLSchema-instance"
    xsi:schemaLocation="http://www.loc.gov/MARC21/slim http://www.loc.gov/standards/marcxml/schema/MARC21slim.xsd"
    xmlns="http://www.loc.gov/MARC21/slim">

  <leader>01064nam a2200229Ia 4500</leader>
  <controlfield tag="003">IN-BaIIA</controlfield>
  <controlfield tag="008">211028s9999    xx            000 0 eng d</controlfield>
  <datafield tag="020" ind1=" " ind2=" ">
    <subfield code="a">90-277-2326-5</subfield>
  </datafield>
  <datafield tag="040" ind1=" " ind2=" ">
    <subfield code="c">IIA Library</subfield>
  </datafield>
  <datafield tag="080" ind1=" " ind2=" ">
    <subfield code="a">52(082.1)</subfield>
    <subfield code="b">ASS-128</subfield>
  </datafield>
  <datafield tag="111" ind1=" " ind2=" ">
    <subfield code="a">Colloquium of the International Astronomical Union on Hydrogen Deficient Stars and Related Objects</subfield>
    <subfield code="n">87th</subfield>
    <subfield code="c">Mysore</subfield>
    <subfield code="d">1985 Nov. 10-15</subfield>
    <subfield code="9">15162</subfield>
  </datafield>
  <datafield tag="245" ind1=" " ind2="0">
    <subfield code="a">Hydrogen deficient Stars and Related objects</subfield>
    <subfield code="b">proceedings of the 87th colloquium of the IAU on hydrogen deficient Stars and Related objects, held in Mysore, India, 10-15 November 1985</subfield>
    <subfield code="c">edited by Kurt Hunger, Detlef Schonberner and   N. Kameswara Rao                                               </subfield>
  </datafield>
  <datafield tag="260" ind1=" " ind2=" ">
    <subfield code="a">Dordrecht</subfield>
    <subfield code="b">D. Reidel Publishing</subfield>
    <subfield code="c">1986</subfield>
  </datafield>
  <datafield tag="300" ind1=" " ind2=" ">
    <subfield code="a">[various pagings.]</subfield>
  </datafield>
  <datafield tag="650" ind1=" " ind2=" ">
    <subfield code="a">Astronomy and Astrophysics thesaurus</subfield>
  </datafield>
  <datafield tag="650" ind1=" " ind2=" ">
    <subfield code="a">Hydrogen deficient</subfield>
    <subfield code="9">15163</subfield>
  </datafield>
  <datafield tag="650" ind1=" " ind2=" ">
    <subfield code="a">Metal abundance</subfield>
    <subfield code="9">3828</subfield>
  </datafield>
  <datafield tag="700" ind1=" " ind2=" ">
    <subfield code="a">Hunger, Kurt., ed.</subfield>
    <subfield code="9">15164</subfield>
  </datafield>
  <datafield tag="700" ind1=" " ind2=" ">
    <subfield code="a">Kameswara Rao, N., ed.</subfield>
    <subfield code="9">15165</subfield>
  </datafield>
  <datafield tag="700" ind1=" " ind2=" ">
    <subfield code="a">Schonberner, Detlef., ed.</subfield>
    <subfield code="9">15166</subfield>
  </datafield>
  <datafield tag="942" ind1=" " ind2=" ">
    <subfield code="c">BK</subfield>
  </datafield>
  <datafield tag="999" ind1=" " ind2=" ">
    <subfield code="c">9014</subfield>
    <subfield code="d">9014</subfield>
  </datafield>
  <datafield tag="952" ind1=" " ind2=" ">
    <subfield code="0">0</subfield>
    <subfield code="1">0</subfield>
    <subfield code="4">0</subfield>
    <subfield code="7">0</subfield>
    <subfield code="a">BAN</subfield>
    <subfield code="b">BAN</subfield>
    <subfield code="c">GEN</subfield>
    <subfield code="d">1987-05-04</subfield>
    <subfield code="l">0</subfield>
    <subfield code="o">52(082.1)/ ASS-128</subfield>
    <subfield code="p">9907</subfield>
    <subfield code="r">2021-11-05</subfield>
    <subfield code="w">1987-05-04</subfield>
    <subfield code="y">BK</subfield>
    <subfield code="G">&#xA3; 66.00</subfield>
  </datafield>
</record>
